01096cam a22002891 4500001001300000003000400013005001700017008004100034010001700075035002000092040001800112042001200130043001200142050001700154082001500171100002700186245006100213260004000274300004800314500008100362500006500443505016800508650002200676650003100698650002000729710005700749gs 26000124 DLC20260227111330.0840807m19251931ua abf f001 0 eng  ags 26000124  a(OCoLC)11026918 aDLCcMCMdDLC apremarc af-ua---00aTN877.E5bB6 a553.2809621 aBowman, Thomas Sutton.10aReport on boring for oil in Egypt,cby T. Sutton Bowman. aCairo,bGovernment Press,c1925-31. a3 v.bplates, maps, tables, diagrs.c27 cm. aAt head of title: Ministry of Finance, Egypt. Mines and Quarries Department. aThe plates, maps, diagrs. and part of the tables are folded.0 aSect. I. Government petroleum research operation, 1925.--Sect. II. Sinai, 1926.--Sect. III. Eastern desert and adjoining islands (With index to Sect. I-III), 1931. 0aPetroleumzEgypt. 0aPetroleum researchzEgypt. 0aGeologyzEgypt.1 aEgypt.bMaṣlaḥat al-Manājim wa-al-Maḥājir.